000 00508nmm a2200169Ia 4500
008 251105s9999||||xx |||||||||||||||||und||
020 _a9788499677965
041 _aspa
100 _aÍñigo Fernández, Luis E.
245 0 _aLa historia universal en 100 preguntas
264 _a[Madrid, España] :
_bEdiciones Nowtilus,
_c2016
300 _a352 páginas
490 _a100 Preguntas Esenciales
650 _aHistory (General)
856 _uhttps://public.digitaliapublishing.com/a/171815
942 _cCF
999 _c93173
_d93173